• 首页
  • 本馆介绍
  • 公告通知
  • 最新文献
  • 馆藏检索
  • 电子资源
  • 读者导购
  • 参考咨询
  • 我的图书馆
  • 登录
  • 详细信息显示
  • 放入我的书架
  • 预约/预借图书
  • 作者相关作品
  • 分类相关作品
  • 丛书相关作品
  • 出版社相关作品

书目信息

  • 表格格式
  • 工作单格式
  • 卡片格式
书名: Comparing democracies
作者: Lawrence LeDuc, Richard G. Niemi, Pippa Norris, editors.
分册号:
分册名:
出版地: Thousand Oaks, Calif. :
 
出版社: Sage Publications
出版时间: c1996.
页数: xii, 428 p. :
开本: 24 cm.
丛书名:
中图分类号:
科图分类号:
其他分类号: D034.4
主题词:
电子资源:
000 01719cam 2200277 a 4500
001 E0736796187
005 20070423102858.17
008 960410s1996 caua b 001 0 eng
010    @a 96010055
020    @a0803958366 (pbk. : acid-free paper) :@cUSD27.70.
040    @aDLC@cDLC@dCOX@dUKM
050 00 @aJC423@b.C663 1996
082 00 @a321.8 @2 20
090    @aD034.4
092    @aCN@bJZ02-1183
099    @dD034.4@ex15
245 00 @aComparing democracies :@belections and voting in global perspectives / @cLawrence LeDuc, Richard G. Niemi, Pippa Norris, editors.
260    @aThousand Oaks, Calif. :@bSage Publications,@cc1996.
300    @axii, 428 p. :@bill. ;@c24 cm.
504    @aIncludes bibliographical references (p. 365-404) and index.
505 00 @tIntroduction: The Present and future of democratic elections /@rLawrence LeDuc, Richard G. Niemi, and Pippa Norris --@tElectoral systems /@rAndr鈋 Blais and Louis Massicotte --@tParty systems and structures of competition /@rPeter Mair --@tParty organizations and finance /@rRichard S. Katz --@tInterest groups and social movements /@rSylvia Bashevkin --@tCampaign strategies and tactics /@rDavid M. Farrell --@tLegislative recruitment /@rPippa Norris --Electoral participation /@rMark N. Franklin --@tPolls and elections /@rDavid Butler --@tThe Media /@rHolli A. Semetko --@tLeaders /@rIan McAllister --@tThe Economy /@rHelmut Norpoth --@tPolitical cleavages, issues, and electoral change /@rRussell J. Dalton --@tElections and democratic governance /@rLawrence LeDuc.
650  0 @aComparative government.
650  0 @aDemocracy.
700 1  @aLeDuc, Lawrence.
700 1  @aNiemi, Richard G.
700 1  @aNorris, Pippa.
    
    Comparing democracies : : elections and voting in global perspectives / / Lawrence LeDuc, Richard G. Niemi, Pippa Norris, editors.-Thousand Oaks, Calif. : : Sage Publications, , c1996.
    xii, 428 p. : : ill. ; ; 24 cm.
    Includes bibliographical references (p. 365-404) and index.
    
    ISBN 0803958366 (pbk. : acid-free paper) :USD27.70.
    
●
相关链接 在E读中查询图书 在五车中查询图书 在当当中查询图书 在豆瓣中查询图书


正题名:Comparing democracies     索取号:D034.4/x15         预约/预借

序号 登录号 条形码 馆藏地/架位号 状态 备注
1 4715   300047152   第二样本阅览室/ [索取号:D034.4/x15] 在馆    
2 4716   300047161   第四借阅区/ [索取号:D034.4/x15] 在馆    
3 4717   300047170   第四借阅区/ [索取号:D034.4/x15] 在馆    
唐山师范学院图书馆 欢迎您!
大连网信软件有限公司© 版权所有